LEADER 01298nam a2200301 a 4500 001 000000143927 003 CaOOAMICUS 005 20150609114049.0 008 150609s2015 it u000 u ita r 020 $a978-88-548-8363-5 040 $aPUL$bita 082 04$a945.092 100 1 $aDoria, Piero,$d1964-$0(OLS)http://pul/name/70323 245 13$aIl contributo di Aldo Moro alla costruzione della democrazia italiana /$cPiero Doria. 260 $aRoma :$bAracne,$cİ2015. 300 $a59 p. ;$c17 cm 490 1 $aBiblioteca politica. Ritratti, scenari, idee ;$v02 504 $aBibliografia in nota. 600 14$aMoro, Aldo,$d1916-1978.$0(OLS)http://pul/subject/11773 830 0$aBiblioteca politica. Ritratti, scenari, idee ;$v02.$0(OLS)http://pul/title/182088 850 $aPUL 852 $aPUL$W1$xSL Cons. Gen., Altre Classi 3$y75$m945. 092 DORPI 1$j166000$qDDC 21$B166427$CPULBib$Z2$F166427 $H126058 $82 941 1 $a9 996 $6020$a978-88-548-8363-5$9(OLS)http://pul/number/157806 996 $6082$a945.092$9(OLS)http://pul/classification/1830 996 $6245$aIl contributo di Aldo Moro alla costruzione della democrazia italiana$9(OLS)http://pul/title/182087 996 $6260$aRoma :$bAracne$9(OLS)http://pul/publisher/62189 LEADER 01594nam a2200313 a 4500 001 000000130748 003 CaOOAMICUS 005 20121005135711.0 008 121005s2007 vc u000 u eng r 020 $a88-209-7847-4 040 $aPUL$bita 082 04$a230 245 00$aLiving theology :$bstudies on Karl Rahner, Yves Congar, Bernard Lonergan and Hans Urs von Balthasar /$cHector Scerri, editor. 260 $aVatican City :$bLibreria editrice vaticana,$cİ2007. 300 $a291 p. ;$c21 cm 504 $aBibliografia in nota. 600 14$aRahner, Karl,$cS.I.,$d1904-1984$xTeologia.$0(OLS)http://pul/subject/26416 600 14$aCongar, Yves,$ccard.,$d1904-1995$xCritica e interpretazione.$0(OLS)http://pul/subject/5256 600 14$aLonergan, Bernard Joseph Francis,$cS.I.,$d1904-1984$xCritica e interpretazione.$0(OLS)http://pul/subject/27742 600 14$aBalthasar, Hans Urs von,$ccard.,$d1905-1988$xTeologia.$0(OLS)http://pul/subject/23332 700 1 $aScerri, Hector,$csacerdote,$d1965-$0(OLS)http://pul/name/83800 850 $aPUL 852 $aPUL$W1$xDP2 Religione 3$y114$m230 SCEHE 1$j151158$qDDC 21$B149884$CPULBib$Z2$F149884 $H120916 $82 941 1 $a9 996 $6020$a88-209-7847-4$9(OLS)http://pul/number/150763 996 $6082$a230$9(OLS)http://pul/classification/368 996 $6245$aLiving theology :$bstudies on Karl Rahner, Yves Congar, Bernard Lonergan and Hans Urs von Balthasar$9(OLS)http://pul/title/165230 996 $6260$aVatican City :$bLibreria editrice vaticana$9(OLS)http://pul/publisher/69855